Statistiche per Riconosci lo Stato - Quiz n°22

Clicka qui per fare il quiz!

Statistiche generali

  • Questo quiz è stato fatto 18 volte
  • Il punteggio medio è 10 su 12

Statistiche sulle risposte

IndizioRisposta% Corretto
Presidente della RepubblicaJoseph Boakai
100%
ValutaDollaro
94%
Forma di GovernoRepubblica presidenziale
88%
Indipendenza26 luglio 1847
81%
Popolazione5.325.009 ab.
81%
Iniziale della CapitaleM
81%
Superficie111 370 km²
75%
Tasso di crescita2.74%
75%
PIL (nominale)3 829 milioni di $
75%
Fuso OrarioUTC+0
75%
ISU0,480
69%
RispostaLiberia
69%

Distribuzione punteggi

Percentile per numero di risposta

Percentuale di utenti per punteggio

I tuoi punteggi nel tempo

Non hai fatto questo quiz